Štúr založil slovenské noviny Slovenskje národňje novini boli zrejme prvým slovenským politickým periodikom

Bibliographic Details
Main Author: Šedivý, Róbert (Author)
Format: Article
Language:Slovak
PhysicalDescription:Fotogr.
ISSN:1335-440X
Subjects:
Online Access:http://encyklopedia.sme.sk/c/5483285/stur-zalozil-slovenske-noviny.html

MARC

LEADER 00000nab a2200000 a 4500
001 vtls010125989
003 SK-MaSNL
005 20260303205021.0
008 140512c20100729xo ||||||||||||00 b|slo
015 |a SNBRB2010/08  |2 snkbucl 
038 |a SNKBUCL 
040 |a SNKBUCL  |b slo  |c SNKBUCL  |e AACR2 
041 0 |a slo 
044 |a xo  |c SK 
080 |a 070.48  |x (437.6)  |x "1845/1948"  |2 2001 
080 |a 94  |x (437.6)  |x "1845/1948"  |2 2001 
100 1 |a Šedivý, Róbert  |4 aut  |9 655202 
245 1 0 |a Štúr založil slovenské noviny  |b Slovenskje národňje novini boli zrejme prvým slovenským politickým periodikom  |c Róbert Šedivý 
300 |b Fotogr. 
600 1 7 |a Štúr, Ľudovít,  |d 1815-1856  |2 snkbucl  |9 92872 
630 0 7 |a Slovenskje národňje novini  |x dejiny  |2 snkbucl  |9 1239242 
655 7 |a osobné zaujímavosti  |2 snkbucl  |9 1083660 
773 0 |t Sme  |g Roč. 18, č. 172 (29.7.2010)  |x 1335-440X 
773 0 |t Kultúra  |g S. 24 
852 |a SNK  |b KIS3GCP 
856 4 1 |u http://encyklopedia.sme.sk/c/5483285/stur-zalozil-slovenske-noviny.html 
958 |a SK 
999 |c 2193213  |d 2195143